[Event "1st Archibald 2019"]
[Site "Sochi"]
[Date "2019.05.13"]
[Round "2.9"]
[White "Bimiev, Ahmad"]
[Black "Stupak, Kirill"]
[Result "0-1"]
[WhiteElo "2196"]
[BlackElo "2551"]
[Annotator "ChessBase"]
[PlyCount "78"]
[EventDate "2019.05.12"]
[EventType "swiss"]
[EventCountry "RUS"]
[SourceTitle "playchess.com"]
[Source "ChessBase"]
[SourceQuality "1"]
[TimeControl "5400+30"]

1. c4 {[%emt 0:00:00]} g6 {[%emt 0:08:52]} 2. g3 {[%emt 0:00:00]} Bg7 {[%emt 0:00:00]} 3. Bg2 {[%emt 0:00:00]} e6 {[%emt 0:05:20]} 4. Nc3 {[%emt 0:00:22]} Ne7 {[%emt 0:00:34]} 5. d4 {[%emt 0:09:12]} d5 {[%emt 0:00:00]} 6. Nf3 {[%emt 0:00:16]} O-O {[%emt 0:00:30]} 7. cxd5 {[%emt 0:00:00]} exd5 {[%emt 0:00:00]} 8. O-O {[%emt 0:00:44]} Nbc6 {[%emt 0:01:00]} 9. a3 {[%emt 0:03:42]} Bg4 {[%emt 0:01:57]} 10. e3 {[%emt 0:00:00]} Qd7 {[%emt 0:00:51]} 11. b4 {[%emt 0:04:17]} Qf5 {[%emt 0:14:42]} 12. Nh4 {[%emt 0:05:17]} Qe6 {[%emt 0:03:04]} 13. f3 {[%emt 0:08:54]} Bh3 {[%emt 0:00:45]} 14. f4 {[%emt 0:00:20]} Bxg2 {[%emt 0:06:27]} 15. Kxg2 {[%emt 0:01:14]} Bf6 {[%emt 0:13:07]} 16. Nf3 {[%emt 0:04:02]} Nf5 {[%emt 0:01:24]} 17. Ne5 {[%emt 0:00:50]} Bxe5 {[%emt 0:07:22]} 18. fxe5 {[%emt 0:16:49]} f6 {[%emt 0:01:01]} 19. g4 {[%emt 0:06:29]} Nfe7 {[%emt 0:05:58]} 20. exf6 {[%emt 0:00:00]} Rxf6 {[%emt 0:00:09]} 21. Rxf6 {[%emt 0:01:12]} Qxf6 {[%emt 0:00:31]} 22. Qf3 {[%emt 0:00:00]} Qe6 {[%emt 0:00:56]} 23. Bd2 {[%emt 0:00:11]} Rf8 {[%emt 0:01:35]} 24. Qg3 {[%emt 0:00:40]} Nc8 {[%emt 0:01:40]} 25. Rf1 {[%emt 0:15:39]} Rxf1 {[%emt 0:01:06]} 26. Kxf1 {[%emt 0:00:00]} Nd6 {[%emt 0:00:00]} 27. Qf3 {[%emt 0:00:45]} Ne7 {[%emt 0:04:30]} 28. Ke2 {[%emt 0:01:46]} Ne4 {[%emt 0:03:23]} 29. b5 {[%emt 0:03:52]} a6 {[%emt 0:04:20]} 30. a4 {[%emt 0:02:28]} axb5 {[%emt 0:01:09]} 31. axb5 {[%emt 0:00:45]} Nc8 {[%emt 0:00:32]} 32. Na4 {[%emt 0:04:12]} Qd7 {[%emt 0:03:18]} 33. Nc5 {[%emt 0:09:52]} Qxb5+ {[%emt 0:04:36]} 34. Kd1 {[%emt 0:00:00]} Ncd6 {[%emt 0:01:42]} 35. Be1 {[%emt 0:02:07]} Nc4 {[%emt 0:03:05]} 36. Nxe4 {[%emt 0:01:09]} Qb1+ {[%emt 0:00:31]} 37. Ke2 {[%emt 0:00:05]} Qxe4 {[%emt 0:00:05]} 38. Qg3 {[%emt 0:00:43]} Qe7 {[%emt 0:01:37]} 39. Qg2 {[%emt 0:00:24]} Qxe3+ {[%emt 0:00:09]} 0-1

[Event "1st Archibald 2019"]
[Site "Sochi"]
[Date "2019.05.13"]
[Round "2.10"]
[White "Osipov, Aleksandr"]
[Black "Kotsur, Pavel"]
[Result "0-1"]
[WhiteElo "2024"]
[BlackElo "2527"]
[Annotator "ChessBase"]
[PlyCount "70"]
[EventDate "2019.05.12"]
[EventType "swiss"]
[EventCountry "RUS"]
[SourceTitle "playchess.com"]
[Source "ChessBase"]
[SourceQuality "1"]
[TimeControl "5400+30"]

1. d4 {[%emt 0:00:00]} e6 {[%emt 0:00:00]} 2. c4 {[%emt 0:00:00]} Nf6 {[%emt 0:00:00]} 3. Nc3 {[%emt 0:00:00]} Bb4 {[%emt 0:00:00]} 4. g3 {[%emt 0:00:29]} O-O {[%emt 0:01:17]} 5. Bg2 {[%emt 0:00:32]} d5 {[%emt 0:00:37]} 6. Nf3 {[%emt 0:00:21]} c6 {[%emt 0:06:23]} 7. O-O {[%emt 0:00:41]} b6 {[%emt 0:00:44]} 8. Bg5 {[%emt 0:06:54]} Bb7 {[%emt 0:22:11]} 9. Qa4 {[%emt 0:01:12]} a5 {[%emt 0:14:31]} 10. a3 {[%emt 0:07:47]} Be7 {[%emt 0:00:18]} 11. Ne5 {[%emt 0:03:06]} Nfd7 {[%emt 0:11:24]} 12. Bf4 {[%emt 0:14:13]} Nxe5 {[%emt 0:03:34]} 13. Bxe5 {[%emt 0:00:52]} Nd7 {[%emt 0:01:52]} 14. Bf4 {[%emt 0:00:05]} g5 {[%emt 0:02:57]} 15. Bd2 {[%emt 0:06:25]} f5 {[%emt 0:00:21]} 16. Rad1 {[%emt 0:18:47]} Qe8 {[%emt 0:03:35]} 17. Bc1 {[%emt 0:00:59]} Kh8 {[%emt 0:01:09]} 18. e4 {[%emt 0:06:09]} fxe4 {[%emt 0:02:52]} 19. f3 {[%emt 0:00:03]} b5 {[%emt 0:05:35]} 20. cxb5 {[%emt 0:01:45]} cxb5 {[%emt 0:00:08]} 21. Qb3 {[%emt 0:04:20]} exf3 {[%emt 0:01:19]} 22. Bxf3 {[%emt 0:00:00]} b4 {[%emt 0:00:47]} 23. Nb5 {[%emt 0:05:28]} Nc5 {[%emt 0:02:27]} 24. dxc5 {[%emt 0:00:35]} Qxb5 {[%emt 0:00:03]} 25. Kg2 {[%emt 0:00:17]} Qxc5 {[%emt 0:00:24]} 26. Be3 {[%emt 0:00:28]} Qd6 {[%emt 0:00:12]} 27. Kg1 {[%emt 0:02:41]} Rad8 {[%emt 0:04:39]} 28. Bg2 {[%emt 0:02:14]} Rxf1+ {[%emt 0:01:53]} 29. Rxf1 {[%emt 0:00:13]} Ba6 {[%emt 0:00:52]} 30. Rf7 {[%emt 0:00:30]} Kg8 {[%emt 0:00:37]} 31. Rf2 {[%emt 0:03:57]} Qe5 {[%emt 0:01:38]} 32. axb4 {[%emt 0:02:24]} axb4 {[%emt 0:00:41]} 33. Bb6 {[%emt 0:01:27]} Qe1+ {[%emt 0:01:27]} 34. Bf1 {[%emt 0:00:07]} Rf8 {[%emt 0:00:07]} 35. Rxf8+ {[%emt 0:00:21]} Bxf8 {[%emt 0:00:16]} 0-1

[Event "1st Archibald 2019"]
[Site "Sochi"]
[Date "2019.05.13"]
[Round "2.11"]
[White "Rakhmanov, Aleksandr"]
[Black "Gritsayeva, Oksana"]
[Result "1-0"]
[WhiteElo "2629"]
[BlackElo "2383"]
[Annotator "TA"]
[PlyCount "59"]
[EventDate "2019.05.12"]
[EventType "swiss"]
[EventCountry "RUS"]
[SourceTitle "playchess.com"]
[Source "ChessBase"]
[SourceQuality "1"]

{[%evp 10,59,25,6,20,7,21,13,24,10,21,20,45,11,41,38,27,17,70,34,76,46,52,33,217,210,260,244,350,343,328,339,329,338,281,244,249,167,309,301,308,299,300,306,353,346,577,569,561,529,516,495]} 1. c4 e5 2. Nc3 Nf6 3. g3 d5 4. cxd5 Nxd5 5. Bg2 Nb6 6. e3 Bd6 {A22: English Opening: 1...e5 2 Nc3 Nf6} 7. Nge2 O-O 8. O-O Nc6 {The position is equal.} 9. f4 exf4 10. Nxf4 Bxf4 11. gxf4 $146 ({Predecessor:} 11. Rxf4 Be6 12. d4 Nd5 13. Nxd5 Bxd5 14. e4 {1-0 (33) Ponomariov,R (2743)-Rublevsky,S (2695) Khanty-Mansiysk 2013}) 11... Ne7 12. b3 a5 13. Bb2 Nf5 (13... a4 $11) 14. Rf2 (14. e4 $5 {[%cal Re4f5]} Nh4 15. Rf2 $14) 14... Nh4 15. Qh5 {Strongly threatening Ne4.} (15. Ne4 $5 {[%cal Rd1h5]}) 15... f5 16. Nb5 {Hoping for Nxc7.} Bd7 $2 {[#]} (16... c6 $14) 17. Nxc7 $1 $40 {[%mdl 704] Deflection. Black is in trouble.} Qxc7 18. Qxh4 Bc6 (18... Rf7 $142 19. Be5 Qc8) 19. Bxc6 bxc6 20. Rg2 Rf7 21. Kh1 Qd6 22. Rag1 {[%cal Rg2g7,Ba1g1,Bg1g6,Bg6f6][%mdl 32]} Raa7 23. h3 {aiming for Be5.} Nd5 (23... Rae7 $142 24. Kh2 c5) 24. Be5 Qf8 25. Rg5 Kh8 26. Rh5 Qg8 {[#]} 27. Rg6 $1 {Intending Rxh7+! and mate.} Nf6 $2 (27... Rad7 28. Rxh7+ (28. Rxc6 Nf6 $14) 28... Qxh7) 28. Bxf6 {White is clearly winning.} Rxf6 29. Rxf6 {White wants to mate with Rxh7+!} Qd5+ 30. Kg1 {Accuracy: White = 77%, Black = 21%.} 1-0

[Event "1st Archibald 2019"]
[Site "Sochi"]
[Date "2019.05.13"]
[Round "2.12"]
[White "Tsydypov, Zhamsaran"]
[Black "Najdin, Danil"]
[Result "1-0"]
[WhiteElo "2546"]
[BlackElo "2314"]
[Annotator "ChessBase"]
[PlyCount "51"]
[EventDate "2019.05.12"]
[EventType "swiss"]
[EventCountry "RUS"]
[SourceTitle "playchess.com"]
[Source "ChessBase"]
[SourceQuality "1"]
[TimeControl "5400+30"]

1. e4 {[%emt 0:04:46]} c6 {[%emt 0:00:00]} 2. d4 {[%emt 0:00:09]} d5 {[%emt 0:00:00]} 3. Nc3 {[%emt 0:00:21]} dxe4 {[%emt 0:00:30]} 4. Nxe4 {[%emt 0:00:05]} Bf5 {[%emt 0:00:00]} 5. Nc5 {[%emt 0:00:07]} e5 {[%emt 0:04:53]} 6. Nxb7 {[%emt 0:00:00]} Qxd4 {[%emt 0:16:01]} 7. Qxd4 {[%emt 0:03:42]} exd4 {[%emt 0:00:00]} 8. Nf3 {[%emt 0:02:47]} Bxc2 {[%emt 0:04:46]} 9. Nxd4 {[%emt 0:01:05]} Be4 {[%emt 0:00:05]} 10. f3 {[%emt 0:05:13]} Bd5 {[%emt 0:02:49]} 11. Bf4 {[%emt 0:00:07]} Nf6 {[%emt 0:04:54]} 12. O-O-O {[%emt 0:01:00]} Nh5 {[%emt 0:11:25]} 13. Be3 {[%emt 0:04:39]} Be7 {[%emt 0:14:02]} 14. Nb5 {[%emt 0:03:33]} Kd7 {[%emt 0:02:01]} 15. g4 {[%emt 0:01:16]} Rc8 {[%emt 0:07:46]} 16. gxh5 {[%emt 0:04:17]} cxb5+ {[%emt 0:00:38]} 17. Kb1 {[%emt 0:00:57]} Ke6 {[%emt 0:01:03]} 18. Bh3+ {[%emt 0:00:00]} f5 {[%emt 0:00:01]} 19. Rhe1 {[%emt 0:00:00]} Bb4 {[%emt 0:06:23]} 20. Bg5+ {[%emt 0:14:15]} Bxe1 {[%emt 0:01:30]} 21. Rxe1+ {[%emt 0:00:02]} Kd7 {[%emt 0:02:14]} 22. Bxf5+ {[%emt 0:00:09]} Kc7 {[%emt 0:09:20]} 23. Re7+ {[%emt 0:00:51]} Kb6 {[%emt 0:02:09]} 24. Be3+ {[%emt 0:03:27]} Ka6 {[%emt 0:00:00]} 25. Bxc8 {[%emt 0:00:37]} Nc6 {[%emt 0:00:00]} 26. Rc7 {[%emt 0:00:25]} 1-0

[Event "1st Archibald 2019"]
[Site "Sochi"]
[Date "2019.05.13"]
[Round "2.13"]
[White "Korneev, Oleg"]
[Black "Dashko, Andrey"]
[Result "1-0"]
[WhiteElo "2530"]
[BlackElo "2211"]
[Annotator "ChessBase"]
[PlyCount "58"]
[EventDate "2019.05.12"]
[EventType "swiss"]
[EventCountry "RUS"]
[SourceTitle "playchess.com"]
[Source "ChessBase"]
[SourceQuality "1"]
[TimeControl "5400+30"]

1. e4 {[%emt 0:07:31]} c5 {[%emt 0:00:00]} 2. Nf3 {[%emt 0:00:51]} e6 {[%emt 0:00:00]} 3. d4 {[%emt 0:00:00]} cxd4 {[%emt 0:00:00]} 4. Nxd4 {[%emt 0:00:00]} a6 {[%emt 0:00:00]} 5. Bd3 {[%emt 0:00:25]} Nf6 {[%emt 0:00:30]} 6. O-O {[%emt 0:00:05]} Qc7 {[%emt 0:00:06]} 7. Qe2 {[%emt 0:00:07]} d6 {[%emt 0:00:40]} 8. c4 {[%emt 0:00:09]} Be7 {[%emt 0:00:00]} 9. Nc3 {[%emt 0:00:00]} O-O {[%emt 0:00:41]} 10. Be3 {[%emt 0:02:34]} Bd7 {[%emt 0:09:48]} 11. Rac1 {[%emt 0:06:15]} Re8 {[%emt 0:06:26]} 12. f4 {[%emt 0:02:55]} Nc6 {[%emt 0:03:47]} 13. Nf3 {[%emt 0:17:45]} Bf8 {[%emt 0:09:54]} 14. Kh1 {[%emt 0:00:56]} Rac8 {[%emt 0:01:14]} 15. a3 {[%emt 0:21:56]} Qb8 {[%emt 0:09:58]} 16. b4 {[%emt 0:07:32]} g6 {[%emt 0:05:57]} 17. c5 {[%emt 0:14:23]} dxc5 {[%emt 0:06:37]} 18. bxc5 {[%emt 0:00:04]} Ng4 {[%emt 0:02:11]} 19. e5 {[%emt 0:00:17]} Nxe3 {[%emt 0:00:27]} 20. Qxe3 {[%emt 0:00:00]} Ne7 {[%emt 0:00:10]} 21. Ne4 {[%emt 0:00:00]} Nd5 {[%emt 0:00:42]} 22. Qd2 {[%emt 0:04:37]} Red8 {[%emt 0:05:11]} 23. Nd6 {[%emt 0:05:40]} Bxd6 {[%emt 0:03:46]} 24. cxd6 {[%emt 0:00:32]} Qa7 {[%emt 0:00:01]} 25. Be4 {[%emt 0:00:37]} Rc5 {[%emt 0:07:54]} 26. f5 {[%emt 0:01:53]} Rdc8 {[%emt 0:02:51]} 27. Bxd5 {[%emt 0:02:41]} exd5 {[%emt 0:03:32]} 28. Rxc5 {[%emt 0:00:16]} Qxc5 {[%emt 0:00:38]} 29. Qh6 {[%emt 0:00:49]} Qa7 {[%emt 0:03:40]} 1-0

[Event "1st Archibald 2019"]
[Site "Sochi"]
[Date "2019.05.13"]
[Round "2.14"]
[White "Solozhenkin, Evgeniy"]
[Black "Mikhailovsky, Vladimir"]
[Result "1/2-1/2"]
[WhiteElo "2441"]
[BlackElo "2180"]
[Annotator "ChessBase"]
[PlyCount "95"]
[EventDate "2019.05.12"]
[EventType "swiss"]
[EventCountry "RUS"]
[SourceTitle "playchess.com"]
[Source "ChessBase"]
[SourceQuality "1"]
[TimeControl "5400+30"]

1. Nf3 {[%emt 0:00:00]} Nf6 {[%emt 0:00:00]} 2. g3 {[%emt 0:00:00]} d5 {[%emt 0:00:00]} 3. Bg2 {[%emt 0:00:00]} Bg4 {[%emt 0:02:10]} 4. c4 {[%emt 0:05:37]} c6 {[%emt 0:01:29]} 5. O-O {[%emt 0:04:02]} Nbd7 {[%emt 0:00:51]} 6. cxd5 {[%emt 0:08:14]} cxd5 {[%emt 0:00:38]} 7. Nc3 {[%emt 0:00:04]} e6 {[%emt 0:00:24]} 8. Qb3 {[%emt 0:01:45]} Bxf3 {[%emt 0:05:19]} 9. Bxf3 {[%emt 0:00:12]} Nc5 {[%emt 0:00:22]} 10. Qb5+ {[%emt 0:02:26]} Qd7 {[%emt 0:10:46]} 11. Qxd7+ {[%emt 0:03:05]} Kxd7 {[%emt 0:04:25]} 12. d3 {[%emt 0:00:51]} Bd6 {[%emt 0:03:16]} 13. Be3 {[%emt 0:06:37]} Rhc8 {[%emt 0:05:31]} 14. Rfc1 {[%emt 0:00:19]} Ke7 {[%emt 0:07:45]} 15. b4 {[%emt 0:22:54]} Ncd7 {[%emt 0:03:02]} 16. Nb5 {[%emt 0:00:52]} Bxb4 {[%emt 0:01:26]} 17. Nxa7 {[%emt 0:02:37]} Rxc1+ {[%emt 0:02:09]} 18. Rxc1 {[%emt 0:00:01]} Bc5 {[%emt 0:13:33]} 19. Rxc5 {[%emt 0:07:36]} Rxa7 {[%emt 0:02:46]} 20. Rc2 {[%emt 0:01:30]} Ra4 {[%emt 0:03:09]} 21. Rb2 {[%emt 0:01:19]} Ne8 {[%emt 0:00:58]} 22. Bg5+ {[%emt 0:00:54]} f6 {[%emt 0:04:07]} 23. Bd2 {[%emt 0:00:29]} Kd6 {[%emt 0:05:01]} 24. Bb4+ {[%emt 0:08:13]} Kc7 {[%emt 0:01:07]} 25. e3 {[%emt 0:00:22]} Ne5 {[%emt 0:00:48]} 26. Be2 {[%emt 0:00:09]} Nd6 {[%emt 0:01:21]} 27. a3 {[%emt 0:04:57]} Ra7 {[%emt 0:03:42]} 28. h4 {[%emt 0:05:05]} g6 {[%emt 0:02:22]} 29. g4 {[%emt 0:00:55]} f5 {[%emt 0:01:08]} 30. g5 {[%emt 0:00:28]} Nb5 {[%emt 0:03:29]} 31. Bc5 {[%emt 0:00:48]} Ra5 {[%emt 0:01:26]} 32. d4 {[%emt 0:08:21]} Nc4 {[%emt 0:00:39]} 33. Bxc4 {[%emt 0:00:00]} dxc4 {[%emt 0:00:07]} 34. a4 {[%emt 0:00:04]} b6 {[%emt 0:01:58]} 35. axb5 {[%emt 0:00:24]} bxc5 {[%emt 0:00:35]} 36. dxc5 {[%emt 0:00:08]} c3 {[%emt 0:00:06]} 37. Rc2 {[%emt 0:00:37]} Rxb5 {[%emt 0:00:17]} 38. Rxc3 {[%emt 0:00:00]} Rb4 {[%emt 0:01:58]} 39. f4 {[%emt 0:00:18]} e5 {[%emt 0:00:05]} 40. Ra3 {[%emt 0:03:45]} exf4 {[%emt 0:00:08]} 41. exf4 {[%emt 0:00:12]} Rxf4 {[%emt 0:00:21]} 42. Ra7+ {[%emt 0:00:03]} Kc6 {[%emt 0:00:00]} 43. Rxh7 {[%emt 0:00:05]} Kxc5 {[%emt 0:00:07]} 44. Kg2 {[%emt 0:00:11]} Kd5 {[%emt 0:00:00]} 45. Kg3 {[%emt 0:01:34]} Ra4 {[%emt 0:00:17]} 46. Rd7+ {[%emt 0:00:44]} Ke5 {[%emt 0:00:08]} 47. Re7+ {[%emt 0:00:36]} Kd5 {[%emt 0:00:07]} 48. Rd7+ {[%emt 0:00:25]} 1/2-1/2

[Event "1st Archibald 2019"]
[Site "Sochi"]
[Date "2019.05.13"]
[Round "2.15"]
[White "Zakaryan, David"]
[Black "Khudyakov, Stanislav"]
[Result "1-0"]
[WhiteElo "2350"]
[BlackElo "2086"]
[Annotator "ChessBase"]
[PlyCount "111"]
[EventDate "2019.05.12"]
[EventType "swiss"]
[EventCountry "RUS"]
[SourceTitle "playchess.com"]
[Source "ChessBase"]
[SourceQuality "1"]
[TimeControl "5400+30"]

1. e4 {[%emt 0:00:00]} e6 {[%emt 0:00:00]} 2. d4 {[%emt 0:00:00]} d5 {[%emt 0:00:00]} 3. Nc3 {[%emt 0:00:00]} Bb4 {[%emt 0:00:00]} 4. e5 {[%emt 0:00:00]} Qd7 {[%emt 0:00:00]} 5. f4 {[%emt 0:01:03]} b6 {[%emt 0:01:06]} 6. Nf3 {[%emt 0:00:09]} Ba6 {[%emt 0:00:25]} 7. Bxa6 {[%emt 0:00:14]} Nxa6 {[%emt 0:00:00]} 8. Qe2 {[%emt 0:00:21]} Nb8 {[%emt 0:00:18]} 9. O-O {[%emt 0:00:00]} g6 {[%emt 0:09:41]} 10. Nd1 {[%emt 0:00:08]} h5 {[%emt 0:00:42]} 11. Ne3 {[%emt 0:01:12]} Nh6 {[%emt 0:01:34]} 12. c4 {[%emt 0:00:56]} c6 {[%emt 0:03:45]} 13. b3 {[%emt 0:02:23]} Nf5 {[%emt 0:10:25]} 14. Nxf5 {[%emt 0:00:00]} gxf5 {[%emt 0:01:12]} 15. Be3 {[%emt 0:00:00]} Be7 {[%emt 0:00:26]} 16. Rac1 {[%emt 0:00:39]} a5 {[%emt 0:00:40]} 17. Ng5 {[%emt 0:02:18]} Na6 {[%emt 0:10:48]} 18. Rf3 {[%emt 0:00:12]} dxc4 {[%emt 0:04:38]} 19. bxc4 {[%emt 0:08:09]} c5 {[%emt 0:09:13]} 20. d5 {[%emt 0:00:01]} Bxg5 {[%emt 0:00:15]} 21. fxg5 {[%emt 0:00:44]} O-O-O {[%emt 0:01:37]} 22. Rb1 {[%emt 0:00:46]} Kb7 {[%emt 0:01:36]} 23. d6 {[%emt 0:00:27]} Qc6 {[%emt 0:03:01]} 24. Bd2 {[%emt 0:00:00]} Ka7 {[%emt 0:00:29]} 25. Rb5 {[%emt 0:05:12]} Rb8 {[%emt 0:05:15]} 26. a3 {[%emt 0:00:29]} h4 {[%emt 0:00:56]} 27. h3 {[%emt 0:00:00]} Rhg8 {[%emt 0:09:55]} 28. Rfb3 {[%emt 0:01:56]} Rg6 {[%emt 0:02:02]} 29. Qf3 {[%emt 0:02:02]} Qxf3 {[%emt 0:00:06]} 30. Rxf3 {[%emt 0:01:46]} Rgg8 {[%emt 0:00:03]} 31. Rfb3 {[%emt 0:00:29]} a4 {[%emt 0:00:06]} 32. Rb1 {[%emt 0:00:25]} Rgd8 {[%emt 0:02:00]} 33. Kf2 {[%emt 0:00:36]} Rd7 {[%emt 0:00:12]} 34. g3 {[%emt 0:00:56]} hxg3+ {[%emt 0:01:00]} 35. Kxg3 {[%emt 0:00:00]} Rbb7 {[%emt 0:00:29]} 36. h4 {[%emt 0:01:02]} Nb8 {[%emt 0:00:57]} 37. h5 {[%emt 0:01:31]} Nc6 {[%emt 0:00:00]} 38. Bc3 {[%emt 0:00:00]} Rd8 {[%emt 0:00:47]} 39. Kf4 {[%emt 0:00:43]} Ka6 {[%emt 0:00:08]} 40. R5b2 {[%emt 0:00:56]} Rh8 {[%emt 0:00:59]} 41. h6 {[%emt 0:00:02]} Nb8 {[%emt 0:06:01]} 42. Rg1 {[%emt 0:00:44]} Nd7 {[%emt 0:00:57]} 43. g6 {[%emt 0:02:44]} fxg6 {[%emt 0:00:49]} 44. Rxg6 {[%emt 0:00:02]} Nf8 {[%emt 0:00:57]} 45. Rf6 {[%emt 0:00:28]} Rg8 {[%emt 0:00:00]} 46. Kf3 {[%emt 0:00:53]} Nh7 {[%emt 0:00:16]} 47. Rg2 {[%emt 0:02:41]} Rxg2 {[%emt 0:01:09]} 48. Kxg2 {[%emt 0:00:00]} Nxf6 {[%emt 0:00:08]} 49. exf6 {[%emt 0:00:00]} b5 {[%emt 0:02:16]} 50. Kf3 {[%emt 0:04:07]} Kb6 {[%emt 0:08:09]} 51. Kf4 {[%emt 0:03:09]} Kc6 {[%emt 0:00:04]} 52. Kg5 {[%emt 0:10:09]} b4 {[%emt 0:01:52]} 53. Be5 {[%emt 0:00:15]} b3 {[%emt 0:01:09]} 54. Kg6 {[%emt 0:03:40]} f4 {[%emt 0:04:38]} 55. h7 {[%emt 0:00:34]} Rb8 {[%emt 0:00:00]} 56. f7 {[%emt 0:00:00]} 1-0

[Event "1st Archibald 2019"]
[Site "Sochi"]
[Date "2019.05.13"]
[Round "2.16"]
[White "Azimov, Ilyas"]
[Black "Bocharov, Dmitry"]
[Result "1/2-1/2"]
[WhiteElo "2223"]
[BlackElo "2530"]
[Annotator "TA"]
[PlyCount "205"]
[EventDate "2019.05.12"]
[EventType "swiss"]
[EventCountry "RUS"]
[SourceTitle "playchess.com"]
[Source "ChessBase"]
[SourceQuality "1"]

{[%evp 22,205,29,8,37,0,-8,-11,0,0,0,0,0,0,0,0,0,-24,0,-20,0,0,0,-6,0,-43,-32,-63,-71,-70,-35,-137,-120,-131,-98,-147,-145,-131,-133,-150,-115,-125,-124,-116,-135,-131,-109,-157,-180,-149,0,-51,-37,-49,-70,-46,-63,-71,-67,-112,-133,-292,-234,-293,-290,-277,-280,-285,-278,-252,-233,-272,-272,-308,-329,-313,-313,-314,-315,-311,-318,-297,-285,-242,-189,-205,0,-294,0,-295,0,-302,-280,-331,-193,-240,-216,-226,-171,-249,-207,-200,-209,-203,-172,-172,0,-258,-8,-8,-8,-8,-8,-8,-8,-8,-8,-8,-8,-105,-106,-113,-113,-113,-113,-658,-588,-813,-813,-5069,-853,-839,-813,-798,-776,-666,-292,-277,0,-585,0,-252,-62,-62,-62,-63,-63,-63,-63,-63,-62,-62,-62,-58,0,0,0,0,0,0,0,0,0,0,0,0,0,0,0,0,0,0,0,0,0,0,0,0,0,0,0,0,0,0,0,0]} 1. e4 c5 2. Nf3 d6 3. d4 cxd4 4. Nxd4 Nf6 5. Nc3 Nc6 6. Bg5 e6 7. Qd3 Be7 8. f4 O-O 9. O-O-O Nxd4 10. Qxd4 Qa5 11. Kb1 Rd8 12. Be2 Bd7 {B65: Sicilian: Richter-Rauzer: 7...Be7 8 0-0-0 0-0 9 f4 Nxd4} (12... h6 $5 {[%cal Rh6g5]} 13. Bh4 e5 $11) (12... e5 13. Qd2 exf4 14. Nd5 Qxd2 15. Nxe7+ Kf8 16. Rxd2 Kxe7 17. Rhd1 {½-½ (17) Apryshko,G (2368)-Predke,A (2566) Minsk 2017}) 13. Qe3 Bc6 14. Rhf1 b5 15. e5 $146 ({Predecessor:} 15. Bf3 b4 16. Ne2 Rac8 17. Nd4 Ba4 18. Rd2 Rc5 19. Rfd1 Rdc8 20. f5 exf5 21. Nxf5 {1-0 (41) Mencinger,V-Wittmann,W (2380) Ljubljana 1981}) 15... dxe5 16. fxe5 Rxd1+ 17. Rxd1 Nd5 18. Nxd5 $1 Bxg5 19. Qxg5 Bxd5 20. b3 b4 21. Bd3 Qc5 22. Rf1 $132 {[%mdl 2048] White has counterplay} h6 23. Qh5 (23. Qf4 $5 {[%cal Rf4f7]} Qe7 24. g4 $11) 23... Rf8 24. g4 Qe3 25. Qh4 a5 26. Qe7 (26. Qe1 $1 $15 Qh3 27. Qe2) 26... Bg2 27. Rd1 Bf3 28. Rf1 Be4 $1 {[%cal Re4d3]} 29. Bxe4 Qxe4 $17 {[%mdl 4160] Endgame Double Attack. KQR-KQR} 30. Qc5 Qxg4 31. Qxa5 Qe2 32. Rc1 Qxh2 33. Qxb4 Qxe5 34. c4 Qe4+ 35. Kb2 Rd8 ({Better is} 35... f5 $1 $17 36. Qe1 Qxe1 37. Rxe1 g5) 36. Qc3 (36. Qa5 $1 $11 Rd3 37. c5) 36... Rd3 $15 37. Qc2 Qd4+ 38. Kb1 Rd2 39. Qc3 Qe4+ $1 40. Ka1 Qe2 41. c5 $2 (41. a4 $17) 41... Rxa2+ $19 42. Kb1 Ra8 {[%csl Ga8][%cal Re2a2]} 43. Rc2 Qf1+ 44. Rc1 Qa6 {[%csl Ga8][%cal Ra6a2]} 45. Rc2 {If White can now play c6 this consolidates a bit.} Qc6 $1 46. Kb2 h5 47. Qd4 Qa6 {[%csl Ga8][%cal Ra6a1]} 48. Kb1 Qf1+ 49. Rc1 Qe2 {[%csl Ga8][%cal Re2a2]} 50. Rc2 Qe1+ 51. Rc1 Qa5 {[%csl Ga8][%cal Ra5a2]} 52. Rc2 Rb8 53. Kb2 Ra8 (53... Qa7 $142 54. Rc4 Qb7) 54. Kb1 $1 Qe1+ 55. Rc1 Qe2 {[%csl Ga8][%cal Re2a2]} 56. Rc2 Qb5 57. Kb2 Rb8 (57... Qf1 $142 {[%csl Ga8][%cal Rf1a1]} 58. Rc1 Qa6) 58. Rc3 {intending c6.} Qe2+ 59. Rc2 Qf3 60. Rc3 (60. Qc3 $142 Qc6 61. Rf2) 60... Qg2+ 61. Rc2 Qc6 62. Qe5 Qb5 63. Qc3 Qc6 $2 (63... Qa6 $19 64. c6 Ra8) 64. Qd4 $2 {[%mdl 8192]} (64. Qe5 $1 $11 {and White is okay.} Qb7 65. Rc3) 64... Qd5 $2 (64... f6 $19 65. Rd2 h4 $1 {[%mdl 512]}) 65. Qxd5 $11 exd5 {KR-KR} 66. c6 h4 $1 {next ...d4 is good for Black.} 67. c7 Rc8 68. b4 {Threatens to win with b5.} h3 {aiming for ...d4.} 69. b5 {[#]} h2 $1 {[%cal Rh2h1]} 70. b6 (70. Rxh2 $11 {keeps the balance.} Rxc7 71. Kb3) 70... h1=Q $17 71. b7 Qh3 72. b8=Q {KQR-KQR} d4 {White must now prevent ...d3.} 73. Re2 $2 {[%mdl 8192]} (73. Qb7 $17) 73... Kh7 $1 $19 ({Weaker is} 73... Qc3+ 74. Ka2 $15) 74. Ka2 d3 75. Re5 Qh2+ (75... Qg2+ $142 76. Ka1 d2 $1 {[%mdl 512]} 77. Rh5+ Kg6 78. Qb1+ Kxh5 79. Qh7+ Kg4 80. Qxg7+ Kh3 $1 {[%mdl 512]} 81. Qh6+ Kg3 82. Qd6+ Kh3 83. Qh6+ Kg3 84. Qd6+ Kg4 85. Qd4+ Kh5 86. Qd6 Kg4 87. Qd7+ Kh4 88. Qe7+ Kh3 89. Qd7+ Kh4 90. Qe7+ Kh3 91. Qd7+ Kh4) 76. Ka3 Qxe5 77. Qxc8 {KQ-KQ} Qc3+ 78. Ka2 Qc2+ (78... d2 $142 79. Qf5+ Kh6) 79. Ka3 {[#]} Qc3+ $2 (79... Qc5+ $1 80. Kb3 d2 81. Qh3+ Kg6 82. Qg3+ Kf6 83. Qf4+ Ke6 84. Qxd2 Qxc7 85. Qe2+ Kf5 86. Qf3+ Qf4 87. Qh5+ Ke4 88. Qh7+ g6) 80. Ka2 $1 Qc2+ (80... d2 $142 81. Qf5+ Kh6) 81. Ka3 {[#]} d2 $2 (81... Qc5+ $1 $19 82. Ka4 d2 83. Qh3+ Kg6 84. Qg2+ Kf6 85. Qxd2 Qxc7 86. Qf2+ Ke6 87. Qa2+ Ke7 88. Qa3+ Qd6 89. Qe3+ Kf8) 82. Qh3+ $15 Kg6 83. Qg4+ Kf6 84. Qf4+ Ke7 85. Qg5+ $1 Ke6 $1 86. Qg4+ $1 f5 87. Qg6+ $1 Kd7 (87... Kd5 $1 $15 88. Qxg7 Qc5+ 89. Kb2 Qc1+ 90. Ka2 d1=Q 91. Qd7+ Ke5 92. Qxd1 Qxd1) 88. Qxg7+ $11 {The position is equal.} Kc8 89. Qf8+ Kxc7 90. Qe7+ Kb6 {( -> ...Qc5+)} 91. Qd6+ Qc6 92. Qxd2 Qf3+ 93. Kb4 Qe4+ 94. Kc3 Kc5 {Hoping for ...Qb4+.} 95. Qg5 Qe1+ 96. Kc2 Qe2+ 97. Kc3 Qe5+ 98. Kd3 Qe4+ 99. Kd2 Qd5+ 100. Ke3 Qd4+ 101. Kf3 Qg4+ 102. Qxg4 fxg4+ 103. Kxg4 {Accuracy: White = 54%, Black = 58%.} 1/2-1/2